The murderer and his murder : a review of research /

Bibliographic Details
Main Author: Lester, David, 1942-
Format: Book
Language:English
Published: New York : AMS Press, [1986]
Series:AMS studies in modern society ; no. 19.
Subjects:

MARC

Tag First Indicator Second Indicator Subfields
LEADER 00000cam a2200000 a 4500
001 in00000036192
005 20151007055409.0
008 860221s1986 nyu b 00110 eng
010 |a  85048007  
020 |a 0404616267 
035 |a (OCoLC)13269830 
035 |9 AAB8133AM 
040 |a DLC  |c DLC  |d m/c  |d TXA  |d UtOrBLW 
043 |a n-us--- 
049 |a TXAM  |c [A11115302] 
050 0 0 |a HV6515  |b .L45 1986 
082 0 |a 364.1/523/0973  |2 19 
100 1 |a Lester, David,  |d 1942- 
245 1 4 |a The murderer and his murder :  |b a review of research /  |c David Lester. 
264 1 |a New York :  |b AMS Press,  |c [1986] 
264 4 |c ©1986 
300 |a xiv, 244 pages ;  |c 23 cm. 
336 |a text  |b txt  |2 rdacontent 
337 |a unmediated  |b n  |2 rdamedia 
338 |a volume  |b nc  |2 rdacarrier 
490 1 |a AMS studies in modern society ;  |v no. 19 
504 |a Includes bibliographies and index. 
650 0 |a Murder literature. 
650 0 |a Murder literature  |z United States. 
830 0 |a AMS studies in modern society ;  |v no. 19. 
999 |a MARS 
999 f f |s 75a9cc21-b0ce-30e4-a819-7ed3d25b5a8a  |i 4790410e-189e-3f12-b481-b1820f509970  |t 0 
952 f f |p ric  |a Texas A&M University  |b Rellis Campus  |c Joint Library Facility  |d Remote Storage  |t 0  |e HV6515 .L45 1986  |h Library of Congress classification  |i unmediated -- volume  |m A14811115302 
998 f f |a HV6515 .L45 1986  |t 0  |l Remote Storage